[Event "2009 Canadian Youth Chess Championship"]
[Site "Victoria Canada"]
[EventDate "2009.07.21"]
[Date "2009.07.23"]
[Round "7"]
[White "Cheng, Jack"]
[WhiteTitle "-"]
[WhiteElo "2064"]
[Black "Kaminski, Thomas"]
[BlackTitle "-"]
[BlackElo "2141"]
[Result "0-1"]
[Source "MonRoi"]

1. e4 c6 2. d4 d5 3. e5 Bf5 4. Nf3 e6 5. Be2 c5 6. O-O Nd7 7. c3 Ne7 8. Be3 Nc6 9. a3 c4 10. Ne1 g5 11. Nd2 Be7 12. g4 Bg6 13. Ng2 Qb6 14. b3 cxb3 15. Qxb3 Qxb3 16. Nxb3 Nb6 17. Rfc1 Nc4 18. Bxc4 dxc4 19. Nd2 Na5 20. Re1 Rc8 21. f3 Nb3 22. Ra2 Bd3 23. Ne4 Bxe4 24. fxe4 f6 25. exf6 Bxf6 26. Rf1 O-O 27. Ne1 Kg7 28. Nf3 h6 29. Nd2 Be7 30. Rb1 Na5 31. Rb5 b6 32. a4 Rc6 33. d5 Rcc8 34. Bd4 Kg6 35. e5 exd5 36. Rxd5 Rcd8 37. Rxd8 Rxd8 38. Kg2 Nc6 39. Nf3 Kf7 40. Kf2 Ke6 41. Ke3 Rd5 42. Ke4 Ra5 43. h3 b5 44. Nd2 Rxa4 45. Rb2 a6 46. Rc2 Ra1 47. Nf3 Rb1 48. Ra2 a5 49. Bb6 a4 50. Be3 a3 51. Nd4 Nxd4 52. cxd4 Rd1 53. Bd2 b4 54. d5 Kd7 55. d6 Rxd2 56. Rxd2 b3 57. dxe7 Kxe7 58. Kf5 b2 59. e6 b1Q  0-1

[Event "2009 Canadian Youth Chess Championship"]
[Site "Victoria Canada"]
[EventDate "2009.07.21"]
[Date "2009.07.23"]
[Round "7"]
[White "Han, Lionel"]
[WhiteTitle "-"]
[WhiteElo "1124"]
[Black "Sirkovich, Daniel"]
[BlackTitle "-"]
[BlackElo "1292"]
[Result "1-0"]
[Source "MonRoi"]

1. e4 c5 2. Nf3 d6 3. d4 cxd4 4. Nxd4 Nf6 5. Nc3 g6 6. f3 Bg7 7. Be3 O-O 8. Qd2 Nc6 9. Nb3 Be6 10. Bh6 Qb6 11. Bxg7 Kxg7 12. Bd3 Bxb3 13. axb3 a6 14. Na4 Qa7 15. g4 Nd4 16. Be2 Rac8 17. Nc3 Rfd8 18. h4 Kh8 19. h5 Rg8 20. hxg6 Rxg6 21. O-O-O e5 22. g5 Nd7 23. Rh3 b5 24. Rdh1 Nf8 25. Bd3 b4 26. Qh2 Rg7 27. Nd5 Nde6 28. Rh5 f6 29. gxf6 Rf7 30. Ne7 Rc7 31. Qg3 Rcxe7 32. fxe7 Qxe7 33. Rf5 Rg7 34. Qh4 Qa7 35. Bc4 a5 36. Qd8 Rg8 37. Qf6 Qg7 38. Bxe6 Qxf6 39. Rxf6 Nxe6 40. Rxe6 Rd8 41. Re7 Kg8 42. Rexh7 Kf8 43. Rh8 Ke7 44. R1h7 Ke6 45. Rxd8 Kf6 46. Rxd6 Kg5 47. Rg7 Kf4 48. Rf7 Ke3 49. Rd3 Ke2 50. f4 exf4 51. Rxf4 a4 52. Rh4 Kf2 53. bxa4 b3 54. cxb3 Kf1 55. e5 Ke2 56. e6 Kxd3 57. e7 Ke2 58. e8Q Kf2 59. Qf7 Kg3 60. Qf4 Kg2 61. Rh2  1-0

[Event "2009 Canadian Youth Chess Championship"]
[Site "Victoria Canada"]
[EventDate "2009.07.21"]
[Date "2009.07.23"]
[Round "7"]
[White "Nelson, Shania"]
[WhiteTitle "-"]
[WhiteElo "811"]
[Black "Powell, Samantha"]
[BlackTitle "-"]
[BlackElo "1604"]
[Result "0-1"]
[Source "MonRoi"]

1. e3 e5 2. f3 d5 3. d3 Nc6 4. Na3 Nf6 5. Rb1 Bc5 6. Nb5 a6 7. Nxc7+ Qxc7 8. Bd2 O-O 9. g3 Be6 10. Bc3 Rfe8 11. Qd2 d4 12. Ba5 Nxa5 13. Qd1 Bb4+ 14. c3 dxc3 15. Rc1 c2+ 16. Kf2 cxd1Q 17. Rxd1 Bxa2 18. h3 Bb3 19. Rb1 Qc2+ 20. Ne2 Qxb1 21. Bg2 Qxb2 22. Bf1 Bd1 23. Kg1 Bxe2 24. Rh2 Rac8 25. Bxe2 Rc1+ 26. Bd1 Rxd1  0-1

[Event "2009 Canadian Youth Chess Championship"]
[Site "Victoria Canada"]
[EventDate "2009.07.21"]
[Date "2009.07.23"]
[Round "7"]
[White "Carradice, Moriah"]
[WhiteTitle "-"]
[WhiteElo "853"]
[Black "Giblon, Rebecca"]
[BlackTitle "-"]
[BlackElo "1556"]
[Result "0-1"]
[Source "MonRoi"]

1. e4 e5 2. Nf3 Nc6 3. Nc3 Nf6 4. Nd5 d6 5. d3 h6 6. b4 Nxd5 7. exd5 Nxb4 8. g3 Nxd5 9. Bg5 hxg5 10. c4 Nb6 11. h4 Bg4 12. Be2 Bxf3 13. Bxf3 c6 14. Qd2 gxh4 15. O-O-O g6 16. d4 Bh6 17. Kc2 Bxd2 18. Rxd2 Nxc4 19. Rd3 exd4 20. Rxd4 Ne5 21. Bd1 Kd7 22. g4 Qf6 23. Rf1 h3 24. f4 Kc7 25. g5 Qf5 26. Kc3 h2 27. Rh1 Qh3 28. Kc2 Qg2 29. Be2 Qxh1 30. Rd1 Qxd1 31. Bxd1 h1Q 32. fxe5 dxe5 33. a4 Rh2 34. Kd3 Qxd1 35. Ke3 Re2 36. Kf3 Qd3 37. Kg4 Re4  0-1

[Event "2009 Canadian Youth Chess Championship"]
[Site "Victoria Canada"]
[EventDate "2009.07.21"]
[Date "2009.07.23"]
[Round "7"]
[White "McCullough, David"]
[WhiteTitle "-"]
[WhiteElo "1293"]
[Black "Cheng, Guy"]
[BlackTitle "-"]
[BlackElo "1292"]
[Result "0-1"]
[Source "MonRoi"]

1. d4 d5 2. c4 e6 3. Nc3 Nf6 4. Bg5 Be7 5. c5 b6 6. b4 c6 7. e3 Ba6 8. Bxa6 Nxa6 9. a3 Qc8 10. Nf3 O-O 11. O-O Re8 12. Ne5 Nb8 13. Qf3 Nbd7 14. Nd3 Rb8 15. Rab1 bxc5 16. bxc5 Qa6 17. Nb4 Qc8 18. Rb3 e5 19. Rfb1 exd4 20. exd4 Ne4 21. Bf4 Bxc5 22. dxc5 Ndxc5 23. Nxe4 dxe4 24. Qe3 Nxb3 25. Bxb8 Nd2 26. Qxd2 Qxb8 27. Qe1 Qd6 28. g3 g6 29. Rc1 c5 30. Nd3 Qxd3 31. Rxc5 e3 32. fxe3 Qxe3 33. Qxe3 Rxe3 34. Ra5 Re7 35. a4 Kg7 36. Kg2 Kh6 37. h4 f5 38. Kf3 Kg7 39. h5 gxh5 40. Rxf5 Rf7 41. Kf4 Rxf5 42. Kxf5 Kh6 43. Kf6 a5 44. Kf5 h4 45. gxh4 Kh5 46. Ke4 Kxh4 47. Kd4 Kg3 48. Kc5 h5 49. Kb5 h4 50. Kxa5 h3 51. Kb6 h2 52. a5 h1Q 53. a6 Qb1 54. Ka7 Qa2 55. Kb6 Qb3 56. Ka5 Qb8 57. Ka4 Kf4  0-1